<?xml version="1.0" encoding="utf-8"?>
<?xml-stylesheet type='text/xsl' href='./oai2.xsl'?>
<OAI-PMH xmlns="http://www.openarchives.org/OAI/2.0/" xmlns:xsi="http://www.w3.org/2001/XMLSchema-instance" xsi:schemaLocation="http://www.openarchives.org/OAI/2.0/ http://www.openarchives.org/OAI/2.0/OAI-PMH.xsd">
  <responseDate>2026-06-05T00:04:51Z</responseDate>
  <request verb="GetRecord" metadataPrefix="marcxml" identifier="record_kuniweb_22067">https://kulturerbe.niedersachsen.de/oai</request>
  <GetRecord>
    <record>
      <header>
        <identifier>record_kuniweb_22067</identifier>
        <datestamp>2015-06-19T12:07:43Z</datestamp>
        <setSpec>slg0103</setSpec>
      </header>
      <metadata>
        <marc:record xmlns:marc="http://www.loc.gov/MARC21/slim" xsi:schemaLocation="http://www.loc.gov/MARC21/slim http://www.loc.gov/standards/marcxml/schema/MARC21slim.xsd">
          <marc:leader>12345nem  22     uu 4500</marc:leader>
          <marc:controlfield tag="001">22067</marc:controlfield>
          <marc:controlfield tag="003">http://kuniweb.gbv.de</marc:controlfield>
          <marc:controlfield tag="005">2015-05-11T18:14:32</marc:controlfield>
          <marc:controlfield tag="008">|           ||||||||||||||||||||||</marc:controlfield>
          <marc:datafield tag="245" ind1="1" ind2="0">
            <marc:subfield code="a">Plan der Action, welche d(en) 15. Aug(ust) 1761 zwischen einem Alliirten Hanöverischen und einem Königlich Französischen Corps bey Erichsburg ohnweit Eimbeck vorgefallen</marc:subfield>
          </marc:datafield>
          <marc:datafield tag="655" ind1=" " ind2="7">
            <marc:subfield code="a">Karten</marc:subfield>
          </marc:datafield>
          <marc:datafield tag="046" ind1=" " ind2=" ">
            <marc:subfield code="k">1761</marc:subfield>
            <marc:subfield code="k">zwischen dem dargestellten Ereignis 1761 und der Veröffentlichung etwa 1762</marc:subfield>
          </marc:datafield>
          <marc:datafield tag="260" ind1=" " ind2=" ">
            <marc:subfield code="g">1761</marc:subfield>
            <marc:subfield code="g">zwischen dem dargestellten Ereignis 1761 und der Veröffentlichung etwa 1762</marc:subfield>
          </marc:datafield>
          <marc:datafield tag="300" ind1=" " ind2=" ">
            <marc:subfield code="a">Höhe: 17 cm
Breite: 22,5 cm</marc:subfield>
          </marc:datafield>
          <marc:datafield tag="520" ind1=" " ind2=" ">
            <marc:subfield code="a">Maßstab: ohne
Ausrichtung: etwa Nordnordosten
Rückseite: leer

Anmerkungen: 
Nach ihrer Vertreibung drangen die Franzosen erneut nach Niedersachsen ein, diesmal von Süden auf die Städte Göttingen, Northeim und Einbeck. Das führte zu einem jahrelangen Kleinkrieg im Hannoverschen. Dazu gehören auch die auf den Kriegskarten 10 a, 11 und 13 dargestellten Aktionen bei Einbeck, Erichsburg und Wolfenbüttel. – Der in den Erklärungen genannte General von Luckner war Nikolaus Luckner aus Cham/Oberpfalz (1722 bis 1794), trat 1757 als Major in hannoversche Dienste und führte unter Herzog Ferdinand von Braunschweig mit seinem Husarenkorps vor allem in Niedersachsen sehr erfolgreich den Kleinkrieg gegen die Franzosen. Obwohl bürgerlicher Herkunft, brachte er es in diesem Dienst bis zum Generalleutnant. – Kriegskarten 05 bis 13 betreffen den Siebenjährigen Krieg.

Veröffentlicht in:
I. A. Friderich, „Jeziges Kriegs-Theater oder Vorstellung derer Lager, Schlachten, Belagerungen, Marchen und andern merckwürdigen Begebenheiten des gegenwaertigen Kriegs in Deutschland = Theatre de la guerre presente representent tous les camps, batailles, .. Theatre de la guerre presente reprensentent tous les camps, batailles ..“. Friderich, Augspurg, 1759. (als Pan Nr. 60, erschienen ca. 1762; auch bei Rosselin, Paris nach 1762)</marc:subfield>
          </marc:datafield>
          <marc:datafield tag="650" ind1="1" ind2=" ">
            <marc:subfield code="a">Siebenjähriger Krieg</marc:subfield>
          </marc:datafield>
          <marc:datafield tag="650" ind1="1" ind2=" ">
            <marc:subfield code="a">Landkarte</marc:subfield>
          </marc:datafield>
          <marc:datafield tag="773" ind1="0" ind2=" ">
            <marc:subfield code="t">Sammlung Körber-Einbeck</marc:subfield>
          </marc:datafield>
          <marc:datafield tag="852" ind1=" " ind2=" ">
            <marc:subfield code="a">Institut für Historische Landesforschung der Universität Göttingen</marc:subfield>
          </marc:datafield>
          <marc:datafield tag="" ind1=" " ind2=" ">
            <marc:subfield code="a">Namensnennung-Nicht kommerziell 4.0 International (CC BY-NC 4.0))</marc:subfield>
          </marc:datafield>
        </marc:record>
      </metadata>
    </record>
  </GetRecord>
</OAI-PMH>
